000
00276 a2200121 4500
001
55720
082
_a
621.4022 CEB
090
_c
34605
_d
34605
100
_a
Cebecl, T
245
_a
convective heat transfer,2/e with CD
250
_a
2
260
_a
NY
_b
Spring book
_c
2002
942
_a
NUST-CAE
_k
621.4022 CEB
999
_c
290793
_d
290793